000 00639nam a2200241 i 4500
001 C2-0097029
003 PPAK
005 20180727093836.0
008 970514s1989 enk |||| ||||| | eng d
020 _a074750136X
040 _aPPAK
_beng
_cPPAK
_erda
082 0 4 _a355.03109821
_223
090 0 0 _a355.03109821
_bSMI
_dG
100 1 _aSmith, Dan,
_eauthor
245 1 0 _aPressure
264 1 _aLondon :
_bBloomsbury Publishing ,
_c1989
300 _axii, 276 pages ;
_c23 cm
336 _2rdacontent
_atext
337 _2rdamedia
_aunmediated
338 _2rdacarrier
_avolume
650 1 0 _aSecurity, international
942 _ddc
_cB
999 _c21092
_d21092